LEADER 01335nam a2200289 i 4500 001 000000167775 003 CaOOAMICUS 005 20071207000000.0 008 071207s1966 it u000 u ita u 013 $a145174 040 $aSeMil$bita 100 1 $aPappalettera, Vincenzo.$0(OLS)http://semarc/name/39711 245 10$aTu passerai per il camino :$bvita e morte a Mauthausen /$cVincenzo Pappalettera ; Prefazione di Piero Caleffi. 250 $a14. ed. 260 $aS.l. :$bU. Mursia & C.,$c1966. 300 $aVIII, 256 p., [24] p. di tav., [1] c. geografica ;$c22 cm. 490 0 $aTestimonianze fra cronaca e storia ;$v7 500 $aContiene : Bibliografia. 650 4$aCampi di concentramento.$0(OLS)http://semarc/subject/5438 650 4$aCampi di concentramento - Austria - Mauthausen.$0(OLS)http://semarc/subject/27750 700 1 $aCaleffi, Piero.$0(OLS)http://semarc/name/52777 830 0$aTestimonianze fra cronaca e storia [Mursia] ;$v7.$0(OLS)http://semarc/title/17659 850 $aSeMil 852 $aSeMil$W1$xVenegono$y1$m3V II 15$j118911$B118911$CSeMilBibl$Z2$F130714 $81 961 $aOmaggio: Braschi don Francesco 996 $6245$aTu passerai per il camino :$bvita e morte a Mauthausen$9(OLS)http://semarc/title/240048 996 $6260$aS.l. :$bU. Mursia & C.$9(OLS)http://semarc/publisher/47345 LEADER 01156nam a2200277 4500 001 000000350245 003 CaOOAMICUS 005 20220510095712.0 008 220510s2019 it 000 u ita r 020 $a978-88-297-0092-9 040 $aSeMil$bita 100 1 $aLilla, Mark,$d<1956- >.$0(OLS)http://semarc/name/115852 240 14$aThe shipwrecked mind.$0(OLS)http://semarc/title/439916 245 13$aIl naufragio della ragione :$breazione politica e nostalgia moderna /$cMark Lilla. 264 3$aVenezia :$bMarsilio,$c2019. 300 $a143 p. ;$c21 cm 490 1 $aNodi 500 $aTrad. di Stefano Travagli e Anita Taroni 650 4$aFilosofia politica.$0(OLS)http://semarc/subject/358 830 0$aNodi.$0(OLS)http://semarc/title/22648 850 $aSeMil 852 $aSeMil$W1$xVenegono$y1$m3N II 803$j232668$B241301$CSeMilBibl$Z2$F241301 $81 996 $6020$a978-88-297-0092-9$9(OLS)http://semarc/number/295838 996 $6245$aIl naufragio della ragione :$breazione politica e nostalgia moderna$9(OLS)http://semarc/title/439917 996 $6264$aVenezia :$bMarsilio$9(OLS)http://semarc/publisher/30231